El ocaso de la Inquisición en Cuenca : (Registro nro. 172547)
[ vista simple ]
| 000 -LEADER | |
|---|---|
| fixed length control field | 00912nam a22003015i 4500 |
| 001 - CONTROL NUMBER | |
| control field | 23013908 |
| 006 - FIXED-LENGTH DATA ELEMENTS--ADDITIONAL MATERIAL CHARACTERISTICS--GENERAL INFORMATION | |
| fixed length control field | m o d |
| 007 - PHYSICAL DESCRIPTION FIXED FIELD--GENERAL INFORMATION | |
| fixed length control field | cr un ---uuuua |
| 008 - FIXED-LENGTH DATA ELEMENTS--GENERAL INFORMATION | |
| fixed length control field | 221215s2022 sp o 000 0 spa d |
| 020 ## - INTERNATIONAL STANDARD BOOK NUMBER | |
| International Standard Book Number | 9788411221276 |
| 035 ## - | |
| -- | 38049 |
| 040 ## - CATALOGING SOURCE | |
| Original cataloging agency | UtOrBLW |
| Language of cataloging | eng |
| Description conventions | rda |
| Transcribing agency | UtOrBLW |
| 042 ## - | |
| -- | pcc |
| 043 ## - | |
| -- | e-sp--- |
| 050 #4 - | |
| -- | BX1735 |
| -- | .P47 2022 |
| 082 04 - | |
| -- | 272.20946 |
| -- | 23 |
| 100 1# - MAIN ENTRY--PERSONAL NAME | |
| Personal name | Perona Tomás, Dionisio A. |
| 245 13 - TITLE STATEMENT | |
| Title | El ocaso de la Inquisición en Cuenca : |
| Remainder of title | evolución y personal / |
| Statement of responsibility, etc | Dionisio A. Perona Tomás. |
| 264 #1 - | |
| -- | Madrid : |
| -- | Dykinson, |
| -- | 2022. |
| 300 ## - PHYSICAL DESCRIPTION | |
| Extent | 1 online resource (315 pages) |
| 336 ## - | |
| -- | text |
| -- | txt |
| -- | rdacontent |
| 337 ## - | |
| -- | computer |
| -- | c |
| -- | rdamedia |
| 338 ## - | |
| -- | online resource |
| -- | cr |
| -- | rdacarrier |
| 650 #0 - SUBJECT ADDED ENTRY--TOPICAL TERM | |
| Topical term or geographic name as entry element | Inquisition |
| Geographic subdivision | Spain |
| -- | Cuenca |
| General subdivision | History. |
| 856 40 - LOCALIZACIÓN Y ACCESO ELECTRÓNICO | |
| Identificador Uniforme del Recurso (URI/URL) | https://app.vlex.com/#/sources/38049 |
| 942 ## - | |
| -- | RAA |
| 999 ## - | |
| -- | 172547 |
| -- | 172547 |
No hay ítems disponibles.